Länder, die einen Buchstaben enthalten - L - Statistiken

Allgemein
  • Dieses Quiz wurde 1.369 mal gespielt
  • Das Durchschnittsergebnis liegt bei 50 aus 66
Antwortstatistiken
Hinweis Land % Korrekt
1 x L Deutschland
95%
2 x L Lettland
94%
1 x L Luxemburg
93%
1 x L Finnland
92%
1 x L Litauen
92%
1 x L Russland
92%
1 x L Liechtenstein
91%
1 x L Irland
88%
1 x L Island
88%
1 x L Libyen
88%
1 x L Portugal
88%
1 x L Albanien
87%
1 x L Belgien
86%
1 x L Polen
86%
1 x L Algerien
85%
1 x L Slowenien
85%
1 x L Australien
84%
1 x L Brasilien
84%
1 x L Niederlande
84%
1 x L Slowakei
84%
1 x L Chile
83%
1 x L Estland
83%
1 x L Griechenland
83%
1 x L Neuseeland
83%
1 x L Italien
82%
1 x L Kolumbien
82%
1 x L Thailand
81%
1 x L Lesotho
80%
1 x L Laos
79%
1 x L Libanon
79%
1 x L Liberia
78%
1 x L Bolivien
77%
1 x L Bulgarien
77%
1 x L Belarus
76%
1 x L Israel
75%
1 x L Mali
73%
1 x L Malta
72%
1 x L Malediven
71%
1 x L Philippinen
71%
1 x L Elfenbeinküste
70%
1 x L Angola
69%
1 x L Demokratische Republik Kongo
69%
1 x L Malaysia
69%
1 x L Moldawien
69%
1 x L Venezuela
69%
1 x L Mongolei
68%
1 x L Republik Kongo
68%
1 x L Senegal
68%
1 x L Somalia
67%
2 x L Seychellen
66%
2 x L Zentralafrikanische Republik
66%
1 x L Bangladesch
64%
2 x L El Salvador
63%
1 x L Guatemala
63%
1 x L Nepal
63%
1 x L Dominikanische Republik
62%
1 x L St. Lucia
62%
1 x L Malawi
61%
3 x L Marshallinseln
61%
1 x L Belize
60%
1 x L Sri Lanka
60%
1 x L Tuvalu
58%
1 x L Palau
57%
1 x L Äquatorial-Guinea
55%
1 x L Salomonen
55%
1 x L Sierra Leone
50%
Keine übereinstimmenden Quizze gefunden
Verteilung der Resultate
Anzahl Personen mit jedem Resultat
Perzentil nach korrekt beantworteten Fragen
Ihre Resultats-Entwicklung
Sie haben dieses Quiz noch nicht gespielt